000
00228 a2200097 4500
001
48248
100
_a
M Maruf
245
_a
Contributions to Iqbal's thought
260
_a
Lahore
_b
Islamic book service
_c
090
_c
31203
_d
31203
942
_a
NUST-CAE
_c
M
_c
23563
999
_c
283321
_d
283321